000 00455nam a2200193Ia 4500
008 101110s9999 xx 000 0 und d
041 _aMARATHI
082 _bSR6141
_a381
100 _aDate V.G., Mijar R.G.
245 _aVyaparshastra Parichay
365 _b7
520 _aCommerce
546 _aMARATHI
630 _aVyaparshastra Parichay
650 _aCommerce
655 _aCommerce
730 _aVyaparshastra Parichay
942 _cBOOK
999 _c802058
_d802055